Największe miasta Europy z wyjątkami - Statystyki

Ogólne statystyki
  • Ten quiz został rozwiązany 19 razy
    15 od ostatniego zresetowania
  • Średni wynik to 18 z 25
Statystyki odpowiedzi
Populacja Miasto % Poprawnych
1.273.651 Belgrad
93%
478.040 Bratysława
87%
1.749.734 Budapeszt
87%
709.037 Oslo
87%
1.384.732 Praga
87%
1.290.502 Sofia
87%
960.031 Sztokholm
87%
1.888.776 Wiedeń
87%
802.338 Zagrzeb
87%
664.046 Ateny
80%
645.481 Helsinki
80%
2.020.600 Mińsk
80%
641.423 Ryga
80%
440.702 Tallinn
80%
536.692 Wilno
80%
588.233 Dublin
73%
613.283 Kopenhaga
67%
506.892 Lizbona
67%
491.000 Skopje
67%
665.500 Kiszyniów
53%
421.878 Zurych
53%
400.566 Brno
47%
590.580 Göteborg
47%
523.248 Antwerpia
40%
510.300 Homel
40%
Nie znaleziono quizów pasujących do podanych kryteriów
Rozkład punktacji
Procent ludzi z każdym wynikiem
Percentyl według liczby udzielonych odpowiedzi
Twoja historia wyników
Nie rozwiązałeś tego quizu od ostatniego zresetowania